Culture Générale - Épisode 1 - Statistiques

Statistiques générales
  • Ce quiz a été pris 258 fois
  • Le résultat moyen est 12 sur 20
Statistiques - réponses
Question Réponse % Correct
Dans quelle ville se sont déroulés les Jeux Olympiques et Paralympiques de 2024 ? Paris
98%
Quelle est la capitale de l'Irlande ? Dublin
96%
Comment s'appelle le fidèle compagnon de Tintin ? Milou
94%
En quelle année s'est terminée la seconde guerre mondiale ? 1945
92%
Comment appelle-t-on le petit du mouton ? Agneau
82%
Quelle planète est la plus proche du Soleil ? Mercure
80%
Quel dramaturge est l'auteur de Roméo et Juliette ? William Shakespeare
77%
De quel pays Bachar Al-Assad était-il un dictateur ? Syrie
75%
Quel pays est frontalier de l'Iran, de l'Afghanistan, de l'Inde et de la Chine ? Pakistan
69%
En 2024, quelle comédie d'Artus se place en tête du box office français avec plus de 10 millions d'entrées ? Un p'tit truc en plus
63%
Quel adjectif qualifie un œuf cuit dans l'eau bouillante pendant 6 minutes puis immédiatement plongé dans l'eau froide ? Mollet
62%
Quel pilote automobile a remporté les championnats du monde de Formule 1 de 2021 à 2024 ? Max Verstappen
56%
Quelle région française résulte de la fusion des anciennes régions Languedoc-Roussillon et Midi-Pyrénées ? Occitanie
53%
Dans quel film Ryan Gosling conduit-il le jour à Hollywood pour le cinéma en tant que cascadeur et la nuit pour des truands ? Drive
38%
Quel défenseur a inscrit le but de la tête victorieux en finale de Ligue des Champions en 1993, offrant la victoire à l'Olympique de Marseille contre l'AC Milan Basile Boli
36%
Quel physicien italien est considéré comme le père de la physique moderne ? Galilée
22%
Dans la série Breaking Bad, quel acteur interprète le rôle de Walter White, un professeur de chimie qui se met à produire des métamphétamines ? Bryan Cranston
20%
En 2016, quel auteur-compositeur et chanteur américain reçoit le Prix Nobel de Littérature « pour avoir créé de nouvelles expressions poétiques dans la grande tradition de la chanson américaine » ? Bob Dylan
18%
Comment s'appelle la déesse romaine de l'agriculture, équivalent de Déméter chez les Grecs ? Cérès
14%
Quelle spécialité culinaire méditerranéenne consiste en une poche d'œufs de poisson pressée, salée et séchée ? Poutargue
8%
Aucun quiz correspondant
Distribution des résultats
% des personnes avec chaque résultat
Percentile par nombre de réponses
Votre historique - résultats
Vous n’avez pas pris ce quiz